[Event "zonal 1.4a"]
[Site "Budapest HUN"]
[Date "1993.??.??"]
[Round "1"]
[White "Ermenkov, Evgeny"]
[Black "Cosma, Ioan"]
[Result "1/2-1/2"]
[WhiteElo "2505"]
[BlackElo "2365"]
[EventDate "1993.03.??"]
[PlyCount "128"]

1.e4 e6 2.d4 d5 3.Nd2 c5 4.Ngf3 cxd4 5.e5 Nc6 6.Nb3 Bb4+ 7.Bd2 Qb6 8.Bxb4 
Qxb4+ 9.Qd2 Qxd2+ 10.Kxd2 Nge7 11.Nbxd4 a6 12.Re1 Nxd4 13.Nxd4 Bd7 14.f4 
Nc6 15.Nf3 Ke7 16.c3 h5 17.g3 Rhc8 18.h3 b5 19.Nd4 g6 20.g4 hxg4 21.hxg4 
Rh8 22.Bd3 Nxd4 23.cxd4 a5 24.a3 Rxh1 25.Rxh1 Be8 26.Rh8 Rb8 27.Ke3 b4 28.
a4 Rc8 29.Kd2 Rc7 30.Rh7 Kd8 31.Rh8 Ke7 32.Rh7 Kd8 33.Rh1 Ke7 34.Rh8 Rc8 
35.Ke3 Rc7 36.Rh7 Kd8 37.Rh8 Ke7 38.Rh7 Kd8 39.f5 gxf5 40.gxf5 exf5 41.Rh6
Bxa4 42.Rd6+ Ke7 43.Rxd5 Ra7 44.Bxf5 f6 45.Rd6 fxe5 46.dxe5 Bd7 47.Rg6 Kf8
48.e6 Be8 49.Rh6 Rc7 50.Kd4 Ke7 51.Rh7+ Kd6 52.Rxc7 Kxc7 53.Kc5 b3 54.Bh7 
a4 55.Bg8 a3 56.bxa3 Bg6 57.Bf7 Bxf7 58.exf7 b2 59.f8=Q b1=Q 60.Qd6+ Kc8 
61.Qc6+ Kb8 62.Qe8+ Kb7 63.Qd7+ Kb8 64.Qe8+ Kb7 1/2-1/2

[Event "zonal 1.4a"]
[Site "Budapest HUN"]
[Date "1993.??.??"]
[Round "1"]
[White "Georgiev, Kiril"]
[Black "Ftacnik, Lubomir"]
[Result "1-0"]
[WhiteElo "2660"]
[BlackElo "2535"]
[EventDate "1993.03.??"]
[PlyCount "103"]

1.e4 c5 2.Nf3 d6 3.d4 cxd4 4.Nxd4 Nf6 5.Nc3 a6 6.Bc4 e6 7.O-O b5 8.Bb3 Be7
9.Qf3 Qb6 10.Be3 Qb7 11.Qg3 Nc6 12.Rad1 O-O 13.Nxc6 Qxc6 14.Bh6 Ne8 15.
Rfe1 Bb7 16.a3 Kh8 17.Bg5 Bxg5 18.Qxg5 Nf6 19.Rd3 Rad8 20.Qd2 Qb6 21.Rd1 
Nxe4 22.Nxe4 Bxe4 23.Rxd6 Rxd6 24.Qxd6 Qxd6 25.Rxd6 a5 26.f3 Bg6 27.a4 
bxa4 28.Bxa4 h5 29.c4 Rc8 30.b3 Bc2 31.Rd2 Bf5 32.h4 f6 33.Kf2 g5 34.hxg5 
fxg5 35.Rd7 h4 36.Ra7 Rc5 37.Rb7 g4 38.fxg4 Bxg4 39.Rb5 Rf5+ 40.Ke3 Kg7 
41.c5 h3 42.gxh3 Rf3+ 43.Kd4 Bxh3 44.c6 Kf6 45.Rxa5 Rf1 46.b4 Rb1 47.b5 
e5+ 48.Kc5 e4 49.b6 e3 50.Bb5 Rc1+ 51.Kd6 Bg2 52.Ra2 1-0

[Event "zonal 1.4a"]
[Site "Budapest HUN"]
[Date "1993.??.??"]
[Round "1"]
[White "Rasik, Vitezslav"]
[Black "Sax, Gyula"]
[Result "1-0"]
[WhiteElo "2405"]
[BlackElo "2570"]
[EventDate "1993.03.??"]
[PlyCount "95"]

1.e4 c5 2.Nf3 e6 3.d4 cxd4 4.Nxd4 a6 5.Bd3 Nf6 6.O-O Qc7 7.c4 d6 8.Nc3 g6 
9.Be3 Bg7 10.a4 Nc6 11.Nxc6 bxc6 12.b4 O-O 13.Qe2 Nd7 14.Rac1 Rb8 15.c5 
dxc5 16.bxc5 Rb3 17.Nb1 Ne5 18.Bc2 Rb4 19.Na3 a5 20.Rfd1 f5 21.Bd2 Ng4 22.
g3 Bd4 23.Bxb4 Bxf2+ 24.Kg2 axb4 25.Nc4 Bxc5 26.exf5 exf5 27.Bb3 Kg7 28.h3
Nf6 29.Qe5 Qxe5 30.Nxe5 Be3 31.Rc4 c5 32.Rd3 Bb7+ 33.Kf1 Nd5 34.Nd7 Rc8 
35.Rc2 Rc7 36.Bxd5 Rxd7 37.Rxe3 Bxd5 38.Rxc5 Be4 39.Ke1 Ra7 40.a5 Rb7 41.
a6 Ra7 42.Ra5 Bg2 43.h4 Bh3 44.Re6 f4 45.Rb6 Bc8 46.gxf4 b3 47.Kd2 b2 48.
Kc2 1-0

[Event "zonal 1.4a"]
[Site "Budapest HUN"]
[Date "1993.??.??"]
[Round "2"]
[White "Cosma, Ioan"]
[Black "Rasik, Vitezslav"]
[Result "1/2-1/2"]
[WhiteElo "2365"]
[BlackElo "2405"]
[EventDate "1993.03.??"]
[PlyCount "121"]

1.d4 Nf6 2.c4 g6 3.Nc3 Bg7 4.e4 d6 5.Bd3 O-O 6.Nge2 c6 7.O-O a6 8.a4 a5 9.
Bg5 h6 10.Bf4 e5 11.dxe5 Nh5 12.Be3 dxe5 13.Qd2 Na6 14.Rad1 Kh7 15.c5 Be6 
16.Bxa6 Qxd2 17.Rxd2 Rxa6 18.h3 Raa8 19.g4 Nf6 20.Rb1 Rfd8 21.Rbd1 Rxd2 
22.Rxd2 Re8 23.Nc1 Bf8 24.Rc2 Rd8 25.Kf1 Nd7 26.Nb1 f5 27.f3 fxe4 28.fxe4 
h5 29.gxh5 Bxh3+ 30.Ke1 gxh5 31.Nb3 Ra8 32.Na3 Nf6 33.Rh2 Be6 34.Nd2 Ng4 
35.Rxh5+ Kg6 36.Rh3 Nxe3 37.Rxe3 Bxc5 38.Rg3+ Kf6 39.Nac4 Bxc4 40.Nxc4 Rh8
41.Rf3+ Ke6 42.Ke2 Rh2+ 43.Kd3 b5 44.axb5 cxb5 45.Nxa5 Rxb2 46.Rh3 Bb4 47.
Rh6+ Kd7 48.Rh7+ Kd6 49.Nb7+ Kc6 50.Nd8+ Kb6 51.Nf7 Rd2+ 52.Ke3 Rd7 53.
Rh6+ Kc7 54.Rf6 Bd2+ 55.Ke2 Bf4 56.Rf5 Rd2+ 57.Kf3 Rd3+ 58.Kf2 Rd2+ 59.Kf3
Rd3+ 60.Kf2 Bg3+ 61.Ke2 1/2-1/2

[Event "zonal 1.4a"]
[Site "Budapest HUN"]
[Date "1993.??.??"]
[Round "2"]
[White "Ftacnik, Lubomir"]
[Black "Ermenkov, Evgeny"]
[Result "1-0"]
[WhiteElo "2535"]
[BlackElo "2505"]
[EventDate "1993.03.??"]
[PlyCount "65"]

1.d4 d6 2.Nf3 g6 3.c4 Bg7 4.Nc3 e5 5.Bg5 f6 6.Bd2 Nc6 7.d5 Nce7 8.e4 Nh6 
9.h4 Bg4 10.Be2 c5 11.Qc1 Nf7 12.Ng5 fxg5 13.Bxg4 gxh4 14.Be6 Bf6 15.Rh3 
h5 16.Rf3 Ng8 17.Rb1 Ngh6 18.b4 cxb4 19.Nb5 Be7 20.c5 dxc5 21.Bxh6 Nxh6 
22.d6 Bxd6 23.Rd3 Qe7 24.Nxd6+ Kf8 25.Qc4 Kg7 26.Nf5+ Nxf5 27.Rd7 Qxd7 28.
Bxd7 Nd4 29.Qxc5 Kh6 30.Qxe5 Nc2+ 31.Kf1 Rhd8 32.Qf4+ Kg7 33.Qc7 1-0

[Event "zonal 1.4a"]
[Site "Budapest HUN"]
[Date "1993.??.??"]
[Round "2"]
[White "Suba, Mihai"]
[Black "Sax, Gyula"]
[Result "0-1"]
[WhiteElo "2520"]
[BlackElo "2570"]
[EventDate "1993.03.??"]
[PlyCount "40"]

1.d4 Nf6 2.c4 e6 3.Nc3 Bb4 4.e3 O-O 5.Bd3 d5 6.Ne2 dxc4 7.Bxc4 e5 8.Qb3 
exd4 9.Nxd4 c5 10.Nf3 Nc6 11.Qc2 Bg4 12.Bd2 Qd7 13.a3 Ba5 14.O-O-O Bf5 15.
Qb3 Qe7 16.Nd5 Nxd5 17.Bxd5 c4 18.Qa4 b5 19.Qxb5 Rab8 20.Qxc6 Qxa3 0-1

[Event "zonal 1.4a"]
[Site "Budapest HUN"]
[Date "1993.??.??"]
[Round "3"]
[White "Ermenkov, Evgeny"]
[Black "Kolev, Atanas"]
[Result "1/2-1/2"]
[WhiteElo "2505"]
[BlackElo "2510"]
[EventDate "1993.03.??"]
[PlyCount "74"]

1.e4 e5 2.Nf3 Nc6 3.Bb5 a6 4.Ba4 Nf6 5.d3 d6 6.c3 g6 7.O-O Bg7 8.Nbd2 O-O 
9.Re1 Nd7 10.Nf1 Nc5 11.Bc2 Ne6 12.Ng3 Kh8 13.a3 Qf6 14.Ne2 g5 15.Rf1 Nf4 
16.Ne1 Bg4 17.f3 Be6 18.g3 Nxe2+ 19.Qxe2 Qg6 20.Ng2 f5 21.exf5 Qxf5 22.g4 
Qf6 23.Be3 Bd5 24.Qd2 h6 25.Rf2 Ne7 26.h4 gxh4 27.g5 Qe6 28.Nxh4 Nf5 29.
Nxf5 Rxf5 30.Raf1 Raf8 31.Qe2 Rxf3 32.Rxf3 Bxf3 33.Rxf3 Qg4+ 34.Kf2 Qh4+ 
35.Kg2 Qg4+ 36.Kf2 Qh4+ 37.Kg2 Qg4+ 1/2-1/2

[Event "zonal 1.4a"]
[Site "Budapest HUN"]
[Date "1993.??.??"]
[Round "3"]
[White "Rasik, Vitezslav"]
[Black "Ftacnik, Lubomir"]
[Result "0-1"]
[WhiteElo "2405"]
[BlackElo "2535"]
[EventDate "1993.03.??"]
[PlyCount "86"]

1.e4 c5 2.Nf3 d6 3.d4 cxd4 4.Nxd4 Nf6 5.Nc3 a6 6.Be3 Ng4 7.Bg5 h6 8.Bh4 g5
9.Nf5 Nf6 10.Bg3 Nxe4 11.Qd4 Nf6 12.Bd3 Nc6 13.Qe3 Bxf5 14.Bxf5 Qa5 15.Qf3
h5 16.O-O h4 17.Bxd6 exd6 18.Bc8 Rxc8 19.Qxf6 Rh6 20.Rfe1+ Ne5 21.Qxg5 Qd8
22.Qf5 Qd7 23.Qf4 Kd8 24.Nd5 Qg4 25.Qe3 Rg6 26.Nf4 Nf3+ 27.Kh1 Nxe1 28.
Rxe1 Re6 29.Nxe6+ fxe6 30.Qb3 Rc7 31.h3 Qc4 32.Qf3 Be7 33.b3 Qc3 34.Re3 
Qa1+ 35.Kh2 Qf6 36.Qg4 e5 37.Rf3 Qh8 38.c4 Rd7 39.Qe6 Kc7 40.Rd3 Qd8 41.b4
Bg5 42.c5 Bf4+ 43.g3 dxc5 0-1

[Event "zonal 1.4a"]
[Site "Budapest HUN"]
[Date "1993.??.??"]
[Round "3"]
[White "Sax, Gyula"]
[Black "Cosma, Ioan"]
[Result "1-0"]
[WhiteElo "2570"]
[BlackElo "2365"]
[EventDate "1993.03.??"]
[PlyCount "65"]

1.e4 Nf6 2.e5 Nd5 3.d4 d6 4.Nf3 Nb6 5.a4 a5 6.Bb5+ c6 7.Bd3 dxe5 8.Nxe5 g6
9.c3 Bg7 10.Qe2 Be6 11.O-O N8d7 12.Nf3 Bg4 13.Bg5 Bxf3 14.Qxf3 Nf6 15.Re1 
O-O 16.Nd2 Re8 17.Re2 Qd7 18.Bc2 Qd5 19.Qf4 Nh5 20.Qg4 Bf6 21.Be3 Qd8 22.
Ne4 Nd5 23.Bb3 Bg7 24.Qf3 Nhf6 25.Nc5 b6 26.Nd3 Nxe3 27.fxe3 c5 28.Ne5 e6 
29.Rf1 Rf8 30.Ref2 Qe8 31.Qh3 Ne4 32.Rxf7 Rxf7 33.Nxf7 1-0

[Event "zonal 1.4a"]
[Site "Budapest HUN"]
[Date "1993.??.??"]
[Round "4"]
[White "Ftacnik, Lubomir"]
[Black "Sax, Gyula"]
[Result "1-0"]
[WhiteElo "2535"]
[BlackElo "2570"]
[EventDate "1993.03.??"]
[PlyCount "137"]

1.d4 Nf6 2.c4 e6 3.Nf3 b6 4.g3 Ba6 5.b3 Bb4+ 6.Bd2 Be7 7.Bg2 c6 8.O-O d5 
9.Ne5 Nfd7 10.Nxd7 Nxd7 11.Bc3 O-O 12.Nd2 Rc8 13.e4 c5 14.exd5 exd5 15.
dxc5 dxc4 16.c6 cxb3 17.Re1 Bb5 18.axb3 a5 19.Rc1 Nc5 20.Qg4 Bf6 21.Bxf6 
Qxf6 22.Ne4 Qd4 23.Red1 Bd3 24.Rxc5 bxc5 25.Qd7 Rfd8 26.Qxd4 cxd4 27.Rxd3 
Rxc6 28.Bf1 Kf8 29.Ng5 Ke7 30.Rd1 h6 31.Nf3 Rc3 32.Nxd4 Kf6 33.Rd2 Rd6 34.
Kg2 Rd5 35.Bc4 Rd8 36.Ne2 Rxd2 37.Nxc3 Ke7 38.Kf3 f6 39.Nd5+ Kd6 40.Ne3 
Kc5 41.h4 h5 42.Bf7 Rd7 43.Be8 Rb7 44.Ba4 g5 45.hxg5 fxg5 46.Nc4 Rf7+ 47.
Kg2 Kb4 48.Ne5 Rf5 49.f4 gxf4 50.gxf4 Kc3 51.Kf3 Rf8 52.Ke3 Rf6 53.Ke4 h4 
54.f5 h3 55.Ng4 Rh6 56.Nh2 Rd6 57.Kf4 Rd2 58.Kg3 Rg2+ 59.Kxh3 Rf2 60.Bd7 
Kxb3 61.Ng4 Rf1 62.Kg2 Rd1 63.Be6+ Kc3 64.f6 Rd8 65.Ne5 a4 66.f7 a3 67.Nc6
Ra8 68.Kg3 Kb2 69.Nb4 1-0

[Event "zonal 1.4a"]
[Site "Budapest HUN"]
[Date "1993.??.??"]
[Round "4"]
[White "Kolev, Atanas"]
[Black "Rasik, Vitezslav"]
[Result "0-1"]
[WhiteElo "2510"]
[BlackElo "2405"]
[EventDate "1993.03.??"]
[PlyCount "144"]

1.Nf3 Nf6 2.c4 g6 3.Nc3 Bg7 4.e4 d6 5.d4 O-O 6.Be2 e5 7.O-O exd4 8.Nxd4 
Re8 9.f3 c6 10.Kh1 Nbd7 11.Bg5 Qb6 12.Nb3 a5 13.Qd2 a4 14.Be3 Nc5 15.Nd4 
Nfd7 16.Rab1 Nf8 17.Rfd1 Qa5 18.Bf1 Be5 19.Qf2 Nfe6 20.Nde2 Nf8 21.f4 Bg7 
22.Ng3 Bxc3 23.Bxc5 Qxc5 24.Qxc5 dxc5 25.bxc3 Ne6 26.f5 Nf8 27.Kg1 Nd7 28.
Be2 Ne5 29.a3 Kf8 30.Rd6 Ke7 31.Rbd1 f6 32.R6d2 Ra6 33.Rb1 Nd7 34.h3 Kd8 
35.Bg4 Kc7 36.fxg6 hxg6 37.Bxd7 Bxd7 38.Rf1 Re6 39.h4 Be8 40.Rb2 Rb6 41.
Rxb6 Kxb6 42.Kf2 Ka5 43.Rd1 b5 44.Rd8 Re5 45.Ke3 Bf7 46.cxb5 cxb5 47.Kd2 
Re8 48.Rd7 Be6 49.Rd6 b4 50.cxb4+ cxb4 51.axb4+ Kxb4 52.Ne2 Bc4 53.Nc3 Re6
54.Rd8 a3 55.Rb8+ Kc5 56.Kc2 Ra6 57.Rb1 a2 58.Ra1 Kd4 59.g4 Ra3 60.Rd1+ 
Bd3+ 61.Rxd3+ Kc4 62.Rd1 a1=Q 63.Rxa1 Rxa1 64.Nd5 Ra2+ 65.Kc1 f5 66.gxf5 
gxf5 67.Ne3+ Kc3 68.Kb1 f4 69.Nd5+ Kb3 70.Nxf4 Rf2 71.Nd3 Rf1+ 72.Nc1+ Kc3
0-1

[Event "zonal 1.4a"]
[Site "Budapest HUN"]
[Date "1993.??.??"]
[Round "4"]
[White "Suba, Mihai"]
[Black "Cosma, Ioan"]
[Result "1/2-1/2"]
[WhiteElo "2520"]
[BlackElo "2365"]
[EventDate "1993.03.??"]
[PlyCount "74"]

1.c4 Nf6 2.Nc3 g6 3.e4 d6 4.d4 Bg7 5.h3 O-O 6.Bg5 c5 7.d5 e6 8.Bd3 exd5 9.
exd5 a6 10.a4 Nbd7 11.Nf3 Re8+ 12.Kf1 Ne5 13.Nxe5 Rxe5 14.Bf4 Re8 15.Ra3 
Nh5 16.Bc1 Bd4 17.Qf3 f5 18.Ne2 Be5 19.g3 b6 20.Kg2 Ra7 21.h4 Rf7 22.Bg5 
Bf6 23.Nf4 Nxf4+ 24.Qxf4 h5 25.Rb3 Kg7 26.Bc2 a5 27.Bxf6+ Rxf6 28.Qg5 Bd7 
29.Ra1 Re5 30.Re3 Rxe3 31.Qxe3 Rf8 32.Qc3+ Qf6 33.Qb3 f4 34.Qc3 fxg3 35.
Qxf6+ Kxf6 36.fxg3 Re8 37.Kf2 Bf5 1/2-1/2

[Event "zonal 1.4a"]
[Site "Budapest HUN"]
[Date "1993.??.??"]
[Round "5"]
[White "Cosma, Ioan"]
[Black "Ftacnik, Lubomir"]
[Result "1/2-1/2"]
[WhiteElo "2365"]
[BlackElo "2535"]
[EventDate "1993.03.??"]
[PlyCount "45"]

1.d4 Nf6 2.c4 g6 3.Nc3 d5 4.Nf3 Bg7 5.cxd5 Nxd5 6.e4 Nxc3 7.bxc3 c5 8.Rb1 
O-O 9.Be2 Nc6 10.d5 Ne5 11.Nxe5 Bxe5 12.Qd2 b6 13.f4 Bg7 14.c4 e5 15.O-O 
exf4 16.Qxf4 Qe7 17.Bb2 Bd7 18.Bxg7 Kxg7 19.Bd3 Rae8 20.Rfe1 Qf6 21.Qf2 
Qe5 22.Qb2 f6 23.a4 1/2-1/2

[Event "zonal 1.4a"]
[Site "Budapest HUN"]
[Date "1993.??.??"]
[Round "5"]
[White "Rasik, Vitezslav"]
[Black "Gdanski, Jacek"]
[Result "0-1"]
[WhiteElo "2405"]
[BlackElo "2480"]
[EventDate "1993.03.??"]
[PlyCount "78"]

1.e4 c5 2.Nf3 e6 3.d4 cxd4 4.Nxd4 Nf6 5.Nc3 Nc6 6.Bf4 d6 7.Nxc6 bxc6 8.e5 
Nd5 9.Nxd5 cxd5 10.Bd3 Be7 11.Qg4 dxe5 12.Qxg7 Bf6 13.Bb5+ Ke7 14.Bg5 Bxg5
15.Qxg5+ Kd6 16.Qd2 Qb6 17.c4 Bb7 18.Rc1 Rac8 19.b4 Qd4 20.c5+ Kc7 21.Qxd4
exd4 22.Rd1 a5 23.a3 Rb8 24.Rxd4 e5 25.Rd2 axb4 26.axb4 Ba8 27.Be2 Rxb4 
28.O-O Bc6 29.f4 e4 30.Rfd1 Ra8 31.Bh5 f5 32.Kf2 Ra3 33.Ke1 Ba4 34.Rxd5 
Bxd1 35.Bxd1 Rb2 36.Rxf5 Rxg2 37.Rg5 Rxh2 38.Rg1 Ra1 39.f5 e3 0-1

[Event "zonal 1.4a"]
[Site "Budapest HUN"]
[Date "1993.??.??"]
[Round "5"]
[White "Sax, Gyula"]
[Black "Kolev, Atanas"]
[Result "0-1"]
[WhiteElo "2570"]
[BlackElo "2510"]
[EventDate "1993.03.??"]
[PlyCount "92"]

1.e4 e5 2.Nf3 Nc6 3.Bb5 a6 4.Ba4 Nf6 5.O-O Be7 6.Re1 b5 7.Bb3 O-O 8.h3 Bb7
9.d3 d6 10.c3 Na5 11.Bc2 c5 12.Nbd2 Re8 13.Nf1 Bf8 14.Ng3 d5 15.exd5 Qxd5 
16.Bg5 Qc6 17.Qe2 Nd7 18.Nh4 h6 19.Bd2 Nf6 20.Rac1 c4 21.dxc4 Nxc4 22.Bb1 
Rad8 23.Be3 Nd5 24.Be4 Nd6 25.Bc2 Nf4 26.Qf1 Nd5 27.Ne4 Nc4 28.b3 Ndxe3 
29.fxe3 Na3 30.Ng3 Nxc2 31.Rxc2 Bc5 32.Kh1 Qb6 33.Nhf5 Qg6 34.e4 Qg5 35.b4
Bf8 36.Qf3 Rc8 37.Rf2 Rc7 38.h4 Qg6 39.Rd1 Qc6 40.Nh5 Kh8 41.Nd6 Bxd6 42.
Nxg7 Rg8 43.Ne8 Rxe8 44.Qf6+ Kg8 45.Rxd6 Qxe4 46.Rd8 Qc6 0-1

[Event "zonal 1.4a"]
[Site "Budapest HUN"]
[Date "1993.??.??"]
[Round "6"]
[White "Kolev, Atanas"]
[Black "Cosma, Ioan"]
[Result "1-0"]
[WhiteElo "2510"]
[BlackElo "2365"]
[EventDate "1993.03.??"]
[PlyCount "95"]

1.d4 Nf6 2.Nf3 g6 3.c4 Bg7 4.Nc3 O-O 5.e4 d6 6.Be2 e5 7.O-O Nc6 8.d5 Ne7 
9.Ne1 Nd7 10.Be3 f5 11.f3 f4 12.Bf2 g5 13.a4 a5 14.Nd3 b6 15.Be1 Ba6 16.
Nb5 Nc5 17.b4 axb4 18.Nxb4 Nb7 19.Bf2 Nc5 20.Qc2 Bc8 21.Nd3 h5 22.a5 Nxd3 
23.Qxd3 Rxa5 24.Rxa5 bxa5 25.c5 g4 26.Qa3 g3 27.hxg3 fxg3 28.Bxg3 Ng6 29.
cxd6 Qg5 30.Bh2 cxd6 31.Nxd6 Nf4 32.Bxf4 exf4 33.Rd1 Bh3 34.Bf1 Rb8 35.e5 
Qxe5 36.Ne4 Bf5 37.d6 Bxe4 38.d7 Rd8 39.fxe4 Bf8 40.Qb3+ Kg7 41.Rd5 Qxe4 
42.Qc3+ Kf7 43.Re5 Qb1 44.Qc4+ Kg7 45.Rg5+ Kh6 46.Qxf4 Qb6+ 47.Kh1 Qd6 48.
Qf5 1-0

[Event "zonal 1.4a"]
[Site "Budapest HUN"]
[Date "1993.??.??"]
[Round "6"]
[White "Suba, Mihai"]
[Black "Ftacnik, Lubomir"]
[Result "1-0"]
[WhiteElo "2520"]
[BlackElo "2535"]
[EventDate "1993.03.??"]
[PlyCount "85"]

1.c4 Nf6 2.Nc3 c5 3.g3 e6 4.Nf3 b6 5.Bg2 Bb7 6.O-O Be7 7.b3 O-O 8.Bb2 a6 
9.Re1 Nc6 10.d4 Nxd4 11.Nxd4 Bxg2 12.Kxg2 cxd4 13.Qxd4 Qc7 14.f3 Qb7 15.a4
Bc5 16.Qd3 d5 17.cxd5 exd5 18.Na2 Qe7 19.b4 Bd6 20.Bxf6 Qxf6 21.Nc3 Rfd8 
22.Nxd5 Qe6 23.Red1 Bxb4 24.Rac1 Bf8 25.e4 b5 26.Qe2 Ra7 27.a5 Rad7 28.Rc2
b4 29.Qc4 Rb7 30.Rd3 Rb5 31.Qc7 Re8 32.Rc6 Qe5 33.Qxe5 Rxe5 34.Rxa6 f5 35.
Ra8 b3 36.Rd1 b2 37.Rb1 Kf7 38.a6 Bc5 39.Rc8 fxe4 40.fxe4 Rxe4 41.Nc3 Reb4
42.Nxb5 Rxb5 43.a7 1-0

[Event "zonal 1.4a"]
[Site "Budapest HUN"]
[Date "1993.??.??"]
[Round "7"]
[White "Cosma, Ioan"]
[Black "Gdanski, Jacek"]
[Result "1/2-1/2"]
[WhiteElo "2365"]
[BlackElo "2480"]
[EventDate "1993.03.??"]
[PlyCount "94"]

1.d4 Nf6 2.c4 c5 3.d5 g6 4.Nc3 d6 5.g3 Bg7 6.Bg2 O-O 7.Nf3 Na6 8.O-O Nc7 
9.a4 Rb8 10.e4 Bg4 11.h3 Bxf3 12.Bxf3 e6 13.Bf4 exd5 14.exd5 a6 15.a5 Nce8
16.Ra3 Nd7 17.Qd2 Be5 18.Bh6 Ng7 19.Be4 Re8 20.Bc2 Bd4 21.Kg2 Ne5 22.b3 
Nf3 23.Kxf3 Qf6+ 24.Qf4 Bxc3 25.Qxf6 Bxf6 26.Bd2 Bd4 27.b4 Nh5 28.bxc5 
Bxc5 29.Rb3 Nf6 30.Rfb1 Re7 31.Bg5 Kg7 32.g4 h6 33.Bh4 g5 34.Bg3 h5 35.Bd3
Kf8 36.gxh5 Nxh5 37.Bh2 Kg7 38.Rb6 Nf4 39.Bxf4 gxf4 40.Rg1+ Kf6 41.Rbb1 
Rh8 42.Bf1 b6 43.axb6 Rb7 44.Rg4 Rxb6 45.Rxf4+ Kg7 46.Rg4+ Kf6 47.Rf4+ Kg7
1/2-1/2

[Event "zonal 1.4a"]
[Site "Budapest HUN"]
[Date "1993.??.??"]
[Round "7"]
[White "Ftacnik, Lubomir"]
[Black "Kolev, Atanas"]
[Result "1-0"]
[WhiteElo "2535"]
[BlackElo "2510"]
[EventDate "1993.03.??"]
[PlyCount "75"]

1.c4 Nf6 2.Nf3 g6 3.Nc3 Bg7 4.e4 d6 5.d4 O-O 6.Be2 e5 7.O-O Nc6 8.d5 Ne7 
9.Bg5 h6 10.Bxf6 Bxf6 11.b4 Kg7 12.c5 Ng8 13.Rc1 Be7 14.Qb3 Nf6 15.cxd6 
cxd6 16.Nd2 Ne8 17.Nc4 Bg5 18.Rc2 f5 19.b5 Be7 20.b6 fxe4 21.bxa7 Rxa7 22.
Nb6 Bf5 23.g4 Bd7 24.Nxe4 Nf6 25.Nxf6 Bxf6 26.Nxd7 Qxd7 27.Qb6 Qa4 28.Rc7+
Kg8 29.Qxd6 b5 30.Qe6+ Kh8 31.d6 Qxa2 32.Qd7 Rf7 33.Qxb5 Rf8 34.Qd7 Rxc7 
35.dxc7 Qc2 36.Bd3 Qc3 37.Bxg6 Bg7 38.Bf5 1-0

[Event "zonal 1.4a"]
[Site "Budapest HUN"]
[Date "1993.??.??"]
[Round "7"]
[White "Georgiev, Kiril"]
[Black "Suba, Mihai"]
[Result "1-0"]
[WhiteElo "2660"]
[BlackElo "2520"]
[EventDate "1993.03.??"]
[PlyCount "73"]

1.e4 c5 2.Nf3 d6 3.d4 Nf6 4.Nc3 cxd4 5.Nxd4 e6 6.g4 h6 7.h4 a6 8.Bg2 Nc6 
9.g5 hxg5 10.hxg5 Rxh1+ 11.Bxh1 Nd7 12.f4 Qb6 13.Nde2 g6 14.b3 Rb8 15.Bb2 
Qc7 16.Qd2 b5 17.O-O-O Nb6 18.a3 Bd7 19.Bg2 b4 20.axb4 Nxb4 21.Rh1 a5 22.
Rh8 Qc5 23.Qd4 Qxd4 24.Nxd4 Rc8 25.e5 dxe5 26.fxe5 Ke7 27.Rh7 Rc5 28.Ne4 
Rc7 29.Ba3 Be8 30.c3 Kd8 31.Kd2 a4 32.Bxb4 Bxb4 33.cxb4 axb3 34.Nc5 Nc4+ 
35.Kc3 Nxe5 36.Kxb3 Bd7 37.Nf3 1-0

[Event "zonal 1.4a"]
[Site "Budapest HUN"]
[Date "1993.??.??"]
[Round "8"]
[White "Gdanski, Jacek"]
[Black "Ftacnik, Lubomir"]
[Result "1/2-1/2"]
[WhiteElo "2480"]
[BlackElo "2535"]
[EventDate "1993.03.??"]
[PlyCount "21"]

1.e4 c5 2.Nf3 d6 3.Bb5+ Bd7 4.Bxd7+ Nxd7 5.O-O Ngf6 6.Qe2 e6 7.c3 Be7 8.d4
cxd4 9.cxd4 d5 10.e5 Ne4 11.Nbd2 1/2-1/2

[Event "zonal 1.4a"]
[Site "Budapest HUN"]
[Date "1993.??.??"]
[Round "8"]
[White "Georgiev, Kiril"]
[Black "Ermenkov, Evgeny"]
[Result "1-0"]
[WhiteElo "2660"]
[BlackElo "2505"]
[EventDate "1993.03.??"]
[PlyCount "57"]

1.d4 Nf6 2.c4 e6 3.Nf3 Bb4+ 4.Bd2 a5 5.g3 d5 6.Qc2 O-O 7.Bg2 c6 8.O-O b6 
9.Bxb4 axb4 10.Nbd2 Bb7 11.e4 Nbd7 12.cxd5 exd5 13.exd5 Nxd5 14.Rfe1 N7f6 
15.Ne5 Rc8 16.Qb3 Rc7 17.Nd3 c5 18.dxc5 bxc5 19.Nc4 Bc8 20.Rad1 Be6 21.Nf4
Rd7 22.Nxe6 fxe6 23.Rxe6 Kh8 24.Ne5 c4 25.Qxc4 Ne3 26.Rxd7 Nxd7 27.fxe3 
Nxe5 28.Rxe5 Qf6 29.Qf4 1-0

[Event "zonal 1.4a"]
[Site "Budapest HUN"]
[Date "1993.??.??"]
[Round "9"]
[White "Ermenkov, Evgeny"]
[Black "Suba, Mihai"]
[Result "1/2-1/2"]
[WhiteElo "2505"]
[BlackElo "2520"]
[EventDate "1993.03.??"]
[PlyCount "124"]

1.e4 c5 2.Nf3 d6 3.d4 Nf6 4.Nc3 cxd4 5.Nxd4 e6 6.g3 a6 7.Bg2 Qc7 8.O-O Be7
9.g4 Nc6 10.g5 Nd7 11.Nde2 b5 12.a3 g6 13.b3 h6 14.Bb2 Rh7 15.gxh6 Bb7 16.
Qd2 g5 17.Ng3 Nce5 18.a4 bxa4 19.Rxa4 Rxh6 20.Rfa1 Rc8 21.Rxa6 Bxa6 22.
Rxa6 Kf8 23.Nf1 Rg6 24.h3 Nf6 25.Ra1 g4 26.hxg4 Nfxg4 27.Nb5 Qc5 28.Nd4 
Bh4 29.Ng3 Bxg3 30.fxg3 Nc6 31.Kf1 Rf6+ 32.Nf5 exf5 33.Bxf6 Nxf6 34.Qh6+ 
Ke7 35.exf5 Ne5 36.c4 Qd4 37.Re1 Qd3+ 38.Kg1 Qxb3 39.Qf4 Qb6+ 40.Kf1 Qb2 
41.g4 Nxg4 42.Qxg4 Rc5 43.Bd5 Qd2 44.Qh4+ Kd7 45.Rxe5 dxe5 46.Qf6 Qd1+ 47.
Kg2 Qe2+ 48.Kg3 Qe3+ 49.Kg2 Kc7 50.Qxf7+ Kb6 51.Qb7+ Ka5 52.Qa7+ Kb4 53.
Qb6+ Kc3 54.f6 e4 55.f7 Qf3+ 56.Kg1 Qg3+ 57.Kf1 Qd3+ 58.Kg2 Qf3+ 59.Kg1 
Qg3+ 60.Kf1 Qf4+ 61.Kg2 Qg5+ 62.Kf1 Qf4+ 1/2-1/2

[Event "zonal 1.4a"]
[Site "Budapest HUN"]
[Date "1993.??.??"]
[Round "9"]
[White "Kolev, Atanas"]
[Black "Gdanski, Jacek"]
[Result "0-1"]
[WhiteElo "2510"]
[BlackElo "2480"]
[EventDate "1993.03.??"]
[PlyCount "133"]

1.Nf3 c5 2.c4 Nc6 3.g3 g6 4.Bg2 Bg7 5.Nc3 e5 6.a3 Nge7 7.O-O d6 8.d3 O-O 
9.Rb1 a5 10.Ne1 Be6 11.Nc2 d5 12.cxd5 Nxd5 13.Ne3 Nde7 14.Nc4 Rb8 15.Bg5 
f6 16.Be3 b6 17.f4 Nd5 18.Bd2 f5 19.Kh1 Nxc3 20.Bxc3 Bxc4 21.dxc4 e4 22.
Qa4 Qc7 23.Rbd1 Bxc3 24.bxc3 Rbd8 25.h4 Ne7 26.Kg1 Kf7 27.Kf2 Ng8 28.e3 
Nf6 29.Rfe1 Rxd1 30.Rxd1 Rd8 31.Bf1 Ng4+ 32.Ke2 Rd3 33.Rxd3 exd3+ 34.Kd2 
Qe7 35.Bxd3 Qxe3+ 36.Kc2 Kg7 37.Qd7+ Kh6 38.Qd8 Nf2 39.Qg5+ Kg7 40.Bxf5 
Qe2+ 41.Kc1 Qe1+ 42.Kc2 a4 43.Qd8 Qe2+ 44.Kc1 gxf5 45.Qg5+ Kf7 46.Qxf5+ 
Ke7 47.Qxh7+ Kd6 48.Qg6+ Qe6 49.f5 Qxg6 50.fxg6 Ke6 51.Kd2 Kf6 52.Ke3 Nd1+
53.Kf4 Kxg6 54.g4 Nxc3 55.h5+ Kh6 56.Kf5 Nd1 57.g5+ Kxh5 58.g6 Ne3+ 59.Ke4
Kxg6 60.Kxe3 Kf5 61.Kd3 Ke5 62.Kc3 Kd6 63.Kd3 Kc6 64.Kc3 b5 65.cxb5+ Kxb5 
66.Kd3 Kc6 67.Kc4 0-1

[Event "zonal 1.4a"]
[Site "Budapest HUN"]
[Date "1993.??.??"]
[Round "10"]
[White "Ermenkov, Evgeny"]
[Black "Rasik, Vitezslav"]
[Result "1-0"]
[WhiteElo "2505"]
[BlackElo "2405"]
[EventDate "1993.03.??"]
[PlyCount "67"]

1.c4 g6 2.Nc3 Bg7 3.d4 Nf6 4.e4 d6 5.Nge2 c6 6.Ng3 a6 7.f3 b5 8.Be3 Nbd7 
9.Qd2 h5 10.Bd3 O-O 11.O-O Bb7 12.Rac1 bxc4 13.Bxc4 d5 14.Bb3 h4 15.Nge2 
h3 16.e5 hxg2 17.Kxg2 Nh7 18.f4 e6 19.Na4 Qe7 20.Qa5 Rfc8 21.Ng1 c5 22.Nf3
g5 23.Qd2 gxf4 24.Bxf4 cxd4 25.Qxd4 Bc6 26.h4 Bb5 27.Rfe1 f6 28.Nc3 fxe5 
29.Nxe5 Bc4 30.Kh3 Rf8 31.Rg1 Bxb3 32.Rxg7+ Qxg7 33.Rg1 Ndf6 34.Bh6 1-0

[Event "zonal 1.4a"]
[Site "Budapest HUN"]
[Date "1993.??.??"]
[Round "10"]
[White "Georgiev, Kiril"]
[Black "Sax, Gyula"]
[Result "1/2-1/2"]
[WhiteElo "2660"]
[BlackElo "2570"]
[EventDate "1993.03.??"]
[PlyCount "29"]

1.c4 c5 2.g3 g6 3.Bg2 Bg7 4.Nc3 Nc6 5.e3 e6 6.Nge2 Nge7 7.O-O O-O 8.d4 
cxd4 9.Nxd4 d5 10.cxd5 Nxd4 11.exd4 Nxd5 12.Nxd5 exd5 13.Be3 Be6 14.Qb3 
Qd7 15.Rac1 1/2-1/2

[Event "zonal 1.4a"]
[Site "Budapest HUN"]
[Date "1993.??.??"]
[Round "10"]
[White "Suba, Mihai"]
[Black "Gdanski, Jacek"]
[Result "1-0"]
[WhiteElo "2520"]
[BlackElo "2480"]
[EventDate "1993.03.??"]
[PlyCount "89"]

1.c4 g6 2.d4 c5 3.Nf3 cxd4 4.Nxd4 Nf6 5.Nc3 Nc6 6.e4 d6 7.f3 Nxd4 8.Qxd4 
Bg7 9.Be3 O-O 10.Qd2 Qa5 11.Be2 Be6 12.Rc1 Rfc8 13.b3 a6 14.Na4 Qxd2+ 15.
Kxd2 Nd7 16.g4 f5 17.exf5 gxf5 18.g5 d5 19.f4 dxc4 20.bxc4 Rd8 21.Ke1 b5 
22.cxb5 axb5 23.Bxb5 Ra5 24.Bxd7 Bxd7 25.Bb6 Rxa4 26.Bxd8 Rxf4 27.Bb6 Ra4 
28.Rf1 Rxa2 29.Rf2 Ra6 30.Rd2 Rxb6 31.Rxd7 Kf7 32.Rc5 Re6+ 33.Kf2 Kg6 34.
Rdd5 Re4 35.Kf3 Rh4 36.Rxf5 e6 37.Rf4 Rxh2 38.Re4 e5 39.Ra4 Rh3+ 40.Kg4 
Rd3 41.Ra6+ Kf7 42.Rc7+ Kg8 43.Rc8+ Bf8 44.Rf6 Rd4+ 45.Kh5 1-0